000 00472nam a2200181Ia 4500
001 8663
005 20260306160626.0
008 260306t2008||||xx |||||||||||||| ||spa||
041 _aESP
082 _a371.26
_bP58
100 _aPimienta Prieto, Julio H.
_eAUT
245 0 _aEvaluación de los aprendizajes:
_bun enfoque basado en competencias
260 _c2008
300 _aix, 144 pƔginas :
_c23 cm.
650 _aGEN
654 _aCED
942 _cLIB
_dJUS
_fJUS
_2ddc
_n
999 _c8663
_d8663